All-Russian Scientific Conference with International Participation on Contemporary Issues of Hydrogeology, Engineering Geology and Hydrogeoecology in Eurasia; IOP Conference Series: Earth and Environmental Science; Vol. 33 : Contemporary Issues of Hydrogeology, Engineering Geology and Hydrogeoecology in Eurasia

书目详细资料
Parent link:IOP Conference Series: Earth and Environmental Science
Vol. 33 : Contemporary Issues of Hydrogeology, Engineering Geology and Hydrogeoecology in Eurasia.— 2016.— [011001]
主要作者: Shvartsev S. L. Stepan Lvovich
企业作者: Национальный исследовательский Томский политехнический университет (ТПУ) Институт неразрушающего контроля (ИНК) Кафедра экологии и безопасности жизнедеятельности (ЭБЖ)
总结:Title screen
The results of the International Conference on ''Modern Problems of Hydrogeology, Geology Engineering and Hydrogeoecology of Eurasia'' are published in these Proceedings. The conference was held in National Research Tomsk Polytechnic University and dedicated to the 85th anniversary of Hydrogeology, Engineering Geology and Hydrogeoecology Department. The Department was one of the first in Siberia and the first beyond the Urals and was established in 1930 due to the intensive mining industry, natural resources development, population growth, underexplored hydrogeological and geo-engineering conditions, and absence of qualified engineering staff in Siberia
Режим доступа: по договору с организацией-держателем ресурса
语言:英语
出版: 2016
主题:
在线阅读:http://dx.doi.org/10.1088/1755-1315/33/1/011001
格式: 电子 本书章节
KOHA link:https://koha.lib.tpu.ru/cgi-bin/koha/opac-detail.pl?biblionumber=656080

MARC

LEADER 00000nla2a2200000 4500
001 656080
005 20231101134913.0
035 |a (RuTPU)RU\TPU\network\22453 
035 |a RU\TPU\network\22139 
090 |a 656080 
100 |a 20171022a2016 k y0engy50 ba 
101 0 |a eng 
102 |a GB 
105 |a y z 100zy 
135 |a drcn ---uucaa 
181 0 |a i  
182 0 |a b 
200 1 |a All-Russian Scientific Conference with International Participation on Contemporary Issues of Hydrogeology, Engineering Geology and Hydrogeoecology in Eurasia  |f S. L. Shvartsev 
203 |a Text  |c electronic 
300 |a Title screen 
330 |a The results of the International Conference on ''Modern Problems of Hydrogeology, Geology Engineering and Hydrogeoecology of Eurasia'' are published in these Proceedings. The conference was held in National Research Tomsk Polytechnic University and dedicated to the 85th anniversary of Hydrogeology, Engineering Geology and Hydrogeoecology Department. The Department was one of the first in Siberia and the first beyond the Urals and was established in 1930 due to the intensive mining industry, natural resources development, population growth, underexplored hydrogeological and geo-engineering conditions, and absence of qualified engineering staff in Siberia 
333 |a Режим доступа: по договору с организацией-держателем ресурса 
461 0 |0 (RuTPU)RU\TPU\network\2499  |t IOP Conference Series: Earth and Environmental Science 
463 0 |0 (RuTPU)RU\TPU\network\14178  |t Vol. 33 : Contemporary Issues of Hydrogeology, Engineering Geology and Hydrogeoecology in Eurasia  |o All-Russian Scientific Conference with International Participation on Contemporary Issues, 23–27 November 2015, Tomsk, Russia  |v [011001]  |d 2016 
610 1 |a электронный ресурс 
610 1 |a труды учёных ТПУ 
610 1 |a конференции 
610 1 |a гидрогеология 
610 1 |a инженерная геология 
700 1 |a Shvartsev  |b S. L.  |c Russian hydrogeologist, Doctor of Geological and Mineralogical sciences  |c Professor of the TPU, Member of the Academy of Natural sciences  |f 1936-  |g Stepan Lvovich  |2 stltpush  |3 (RuTPU)RU\TPU\pers\24144 
712 0 2 |a Национальный исследовательский Томский политехнический университет (ТПУ)  |b Институт неразрушающего контроля (ИНК)  |b Кафедра экологии и безопасности жизнедеятельности (ЭБЖ)  |h 4850  |2 stltpush  |3 (RuTPU)RU\TPU\col\18720 
801 2 |a RU  |b 63413507  |c 20171022  |g RCR 
856 4 |u http://dx.doi.org/10.1088/1755-1315/33/1/011001 
942 |c CF